Chemistry of natural products

Uloženo v:
Podrobná bibliografie
Hlavní autor: Bhat, Sujata V.
Médium: Kniha
Jazyk:Undetermined
Vydáno: New Delhi, India Narosa Publishing House 2005
Témata:
Tagy: Přidat tag
Žádné tagy, Buďte první, kdo otaguje tento záznam!
Thư viện lưu trữ: Trung tâm Học liệu Trường Đại học Cần Thơ
LEADER 00572nam a2200193Ia 4500
001 CTU_128214
008 210402s9999 xx 000 0 und d
020 |c 2420000 
082 |a 547.7 
082 |b B575 
100 |a Bhat, Sujata V. 
245 0 |a Chemistry of natural products 
245 0 |c Sujata V. Bhat, Bhimsen A. Nagasampagi and Meenakshi Sivakumar 
260 |a New Delhi, India 
260 |b Narosa Publishing House 
260 |c 2005 
650 |a Biochemistry.,Natural products. 
904 |i Minh 
980 |a Trung tâm Học liệu Trường Đại học Cần Thơ